Представление документа в формате MARC21

Поле Инд. ПП Название Значение
Тип записи a
Библиографический уровень a
001 Контрольный номер 234386da803342649a6b00e5644fca6e
005 Дата корректировки 20220224164019.1
040 a Служба первич. каталог. НБ ТвГУ
b Код языка каталог. rus
e Правила каталог. PSBO
041 0_ a Код языка текста rus
097 b Оператор Komarova.ES
245 10 a Заглавие Методические рекомендации по оптимизации параметров системы аутентификации на основе использования универсальных хэш-функций и случайных цепочек бит
260 a Место издания Тверь
b Издательство Тверской государственный университет
504 a Библиография Библиогр.: с. 288 (4 назв.)
520 0_ a Аннотация В статьях [3,4] предлагается метод аутентификации на основе использования универсальных хэш-функций и случайных цепочек бит. Настоящая статья является продолжением и содержит методические рекомендации по оптимизации параметров предложенной системы аутентификации.
653 0_ a Ключевые слова Санкт-Петербург, город
a Ключевые слова Хэш-функции
a Ключевые слова Случайные цепочки бит
a Ключевые слова Оптимизация
a Ключевые слова Аутентификация
a Ключевые слова Математическое моделирование
700 12 a Другие авторы Яковлев Виктор Алексеевич
q Полное имя Яковлев В. А.
700 12 a Другие авторы Савинова Светлана Алексеевна
q Полное имя Савинова С. А.
700 12 a Другие авторы Гатчин Юрий Арменакович
q Полное имя Гатчин Ю. А.
700 12 a Другие авторы Поляков Владимир Иванович
q Полное имя Поляков В. И.
700 12 a Другие авторы Чикалов Никита Вячеславович
q Полное имя Чикалов Н. В.
773 18 w Контрольный № источника f93cd7c2cffb4b90a02951ff508e955d
t Название источника Математические основы информатики и информационно-коммуникационных систем"
d Место и дата издания Тверь : Тверской государственный университет, 2021
g Прочая информация С. 285-289
856 40 u URL http://megapro.tversu.ru/megaPro/UserEntry?Action=FindDocs&ids=5455335
u URL http://texts.lib.tversu.ru/texts/151528t.pdf
x Примечание для ЭОР Справка УИС 2021
x Примечание для ЭОР Реестр суммарного учета сетевых локальных документов
i Дата подключения ЭОР 20211224
901 t Тип документа a
920 a Оператор Кома
954 b Дата поступления в ОК 20211222